01017nam a2200241Ia 4500003000900000008004100009020001800050040001600068080002200084100007300106111004600179245021700225260004200442300002300484650004100507650003000548650001800578650003800596650001400634942000700648999001500655952010500670IN-BaIIA211028s9999 xx 000 0 eng d a90-277-0209-8 cIIA Library a52(082.1)bASS-29 aDyer, E. R. 99788 cLeningrad, U.S.S.R.d1970 May 12-1999789 0aSolar-Terrestrial Physics/1970bproceedings of the international Symposium on Solar-terrestrial Physics, held in Leningrad, U.S.S.R., 12–19 May 1970cE. R. Dyer  aDordrechtbD. Reidel Publishingc1972 a[various pagings.] aAstronomy and Astrophysics thesaurus aPlanetary relations99790 aSolar Physics aSolar-Terrestrial relations93191 aSun91200 cBK c5635d5635 00104070aBANbBANcGENd1977-12-03l0o52(082.1)/ ASS-29p6305r2021-11-05w1977-12-03yBK 74.00